000 00849nas a2200301 4500
001 BR9601569
003 BR-BrBNA
005 20231205094703.0
007 ta
008 230509b bl.|||p| |||| 00| 00por d
040 _aBR-BrBNA
_bpor
_cBiblioteca Nacional de Agricultura
041 _a(Pt)
072 _aH20
100 1 _aMay, L.L.
100 1 _aLima, M.L.R.Z. da C.
100 1 _aSteenbock, W.
100 1 _aShuta, L.R.
100 1 _aLima Neto, V. da C.
245 1 _aAntagonismo de fungos e bacterias a Sclerotinia sclerotiorum in vitro
650 _aFeijao
650 _aSoja
650 _aFungo
650 _aBacteria
650 _aControle Quimico
773 0 _tRevista do Setor de Ciencias Agrarias (Brazil)
_x
_g(1994), v. 13(1-2) p. 21-23
_wBR9601569
909 _a202311
_bLúcia
_c55
_dLúcia Elande
942 _2AGRIS
_n0
_cANA
999 _c146148
_d146148